With Reagan : (Record no. 1302)

MARC details
000 -LEADER
fixed length control field 01026pam a2200289 a 4500
005 - DATE AND TIME OF LATEST TRANSACTION
control field 20260322212055.0
008 - FIXED-LENGTH DATA ELEMENTS--GENERAL INFORMATION
fixed length control field data
010 ## - LIBRARY OF CONGRESS CONTROL NUMBER
LC control number 92004222
020 ## - INTERNATIONAL STANDARD BOOK NUMBER
International Standard Book Number 0895265222 (alk. paper :
Terms of availability {dollar}24.95
020 ## - INTERNATIONAL STANDARD BOOK NUMBER
International Standard Book Number 9780895265227 (alk. paper :
Terms of availability {dollar}24.95
040 ## - CATALOGING SOURCE
Original cataloging agency DLC
Transcribing agency DLC
Modifying agency DLC
043 ## - GEOGRAPHIC AREA CODE
Geographic area code n-us---
050 00 - LIBRARY OF CONGRESS CALL NUMBER
Classification number E877.2
Item number .M44 1992
082 00 - DEWEY DECIMAL CLASSIFICATION NUMBER
Classification number 973.927/092
Edition information 20
092 ## - LOCALLY ASSIGNED DEWEY CALL NUMBER (OCLC)
Classification number 973.927 M44 1992
001 - CONTROL NUMBER
control field data
100 1# - MAIN ENTRY--PERSONAL NAME
Personal name Meese, Edwin.
245 10 - TITLE STATEMENT
Title With Reagan :
Remainder of title the inside story /
Statement of responsibility, etc. Edwin Meese.
260 ## - PUBLICATION, DISTRIBUTION, ETC.
Place of publication, distribution, etc. Lanham, MD :
Name of publisher, distributor, etc. Distributed to the trade by National Book Network,
Place of publication, distribution, etc. Lanham, MD :
Name of publisher, distributor, etc. Distributed to the trade by National Book Network,
Date of publication, distribution, etc. c1992.
300 ## - PHYSICAL DESCRIPTION
Extent xix, 362 p., [16] p. of plates :
Other physical details ill. ;
Dimensions 24 cm.
504 ## - BIBLIOGRAPHY, ETC. NOTE
Bibliography, etc. note Includes bibliographical references (p. 339-349) and index.
600 10 - SUBJECT ADDED ENTRY--PERSONAL NAME
Personal name Reagan, Ronald
General subdivision Friends and associates.
600 10 - SUBJECT ADDED ENTRY--PERSONAL NAME
Personal name Meese, Edwin.
650 #0 - SUBJECT ADDED ENTRY--TOPICAL TERM
Topical term or geographic name entry element Presidents
Geographic subdivision United States
General subdivision Staff.
651 #0 - SUBJECT ADDED ENTRY--GEOGRAPHIC NAME
Geographic name United States
General subdivision Politics and government
Chronological subdivision 1981-1989.
Holdings
Withdrawn status Lost status Damaged status Not for loan Home library Current library Shelving location Date acquired Total checkouts Full call number Barcode Date last seen Price effective from Koha item type
        Midway Midway General stacks 22/03/2026   973.927/092 20 BC0011345 22/03/2026 22/03/2026 Books